Geography Quiz

Random Geography or World Quiz

Countries by World Factbook Entry III Quiz Stats

Quiz Updated Mar 21, 2014

Challenge
Share
Tweet
Embed
Score 0/30 Timer 10:00
1 Play Today
Sentence Country % Correct
Known as Siam until 1939, [country] is the only Southeast Asian country never to have been taken over by a European power.Thailand
92.3%
Location: Southern Africa, island in the Indian Ocean, east of MozambiqueMadagascar
90.1%
In response to Indian nuclear weapons testing, [country] conducted its own tests in 1998.Pakistan
84.3%
After Bolivia, Paraguay, and Uruguay went their separate ways, the area that remained became [country].Argentina
84.1%
Economic development was spurred in the late 19th century with a railroad linkup to France and the opening of a casino.Monaco
83.2%
[Country's] border with Morocco remains an irritant to bilateral relations, each nation accusing the other of harboring militants and arms smuggling...Algeria
81.1%
The government...has ceded stakes in such leading firms as Air [Country], [Country] Telecom, Renault, and Thales.France
79.7%
Aboriginal settlers arrived on the continent from Southeast Asia about 40,000 years before the first Europeans began exploration in the 17th century.Australia
76.4%
In the early 17th century, the French established a presence on Hispaniola. In 1697, Spain ceded to the French the western third of the island...Haiti
74.9%
Iceland, the UK, and Ireland dispute [country]'s claim that the Faroe Islands' continental shelf extends beyond 200 nmDenmark
74.2%
[Country] was attacked and overrun by Iraq on 2 August 1990.Kuwait
71.4%
[Country] is the US's largest foreign supplier of energy, including oil, gas, uranium, and electric power.Canada
69.2%
lacking a treaty or other documentation describing the boundary, portions of the [country]-Syria boundary are unclear with several sections in disputeLebanon
68.7%
A failed 1916 Easter Monday Rebellion touched off several years of guerrilla warfare that in 1921 resulted in independence from the UK for 26 southern countiesIreland
67.5%
regions: Abruzzo, Basilicata, Calabria...Italy
65.8%
Sentence Country % Correct
In February 2009, Dubai launched a $20 billion bond program to meet its debt obligations.United Arab Emirates
64.5%
In 1959, three years before independence from Belgium, the majority ethnic group, the Hutus, overthrew the ruling Tutsi king.Rwanda
63.8%
[Country] has severely disabled a Chechen rebel movement, although violence still occurs throughout the North Caucasus.Russia
63%
[Country] rejects the use of the name Macedonia or Republic of MacedoniaGreece
61.7%
The decline of the USSR and the end of the Cold War allowed for [country, adjective form*] unification in 1990.Germany
61%
With US backing, [country] seceded from Colombia in 1903Panama
60.4%
In 2001, [country] resolved its longstanding border disputes with both Bahrain and Saudi Arabia.Qatar
57.2%
disputes persist with Malaysia over deliveries of fresh water to [country]Singapore
55.1%
[Country] has yet to ratify the 2001 boundary delimitation with KazakhstanKyrgyzstan
53.6%
During World War I in the western portion of [country], Ottoman Turkey instituted a policy of forced resettlement...that resulted in an estimated 1 million...deaths.Armenia
44.8%
Flag description...the dragon, called the Druk (Thunder Dragon), is the emblem of the nationBhutan
40.8%
Until early 2009, the Reserve Bank of [country] routinely printed money to fund the budget deficit, causing hyperinflation.Zimbabwe
40.7%
Having fought on the losing side in both World Wars, [country] fell within the Soviet sphere of influence and became a People's Republic in 1946.Bulgaria
34.4%
Languages: French (official), Wolof, Pulaar, Jola, MandinkaSenegal
24.2%
Two major investment services rank [country] as the best credit risk in Africa.Botswana
16.8%

You're not logged in!

Compare scores with friends on all Sporcle quizzes.
Join for Free
OR
Log In

You Might Also Like...

Show Comments

Extras

Top Quizzes Today


Score Distribution

Your Account Isn't Verified!

In order to create a playlist on Sporcle, you need to verify the email address you used during registration. Go to your Sporcle Settings to finish the process.

Report this User

Report this user for behavior that violates our Community Guidelines.

Details: